[Event "DVM U20 2014"]
[Site "Naumburg (Saale) GER"]
[Date "2014.12.29"]
[Round "6"]
[White "Zimmermann, Ulrich"]
[Black "Hobusch, Jan"]
[Result "0-1"]
[Termination "normal"]
[Board "1.1"]
[WhiteElo "2345"]
[BlackElo "2183"]
[WhiteClock "00:24:02"]
[BlackClock "00:09:38"]
[WhiteTeam "SK Bebenhausen"]
[BlackTeam "SG Solingen"]
[PlyCount "78"]
[WhiteFideId "24654523"]
[BlackFideId "12907634"]
[EventCountry "GER"]
[EventRounds "7"]
[EventType "team-swiss"]
[EventDate "2014.12.26"]

1. e4 c6 2. Nf3 d5 3. Nc3 Bg4 4. h3 Bxf3 5. Qxf3 e6 6. d3 Nd7 7. Bd2 Bd6 8. g4
Ne7 9. h4 Qc7 10. g5 Ne5 11. Qh3 Nd7 12. O-O-O O-O-O 13. d4 Bf4 14. Bxf4 Qxf4+
15. Qe3 Qc7 16. f3 h5 17. gxh6 Rxh6 18. Bd3 Rdh8 19. e5 Qd8 20. Qf4 Qe8 21.
Rdg1 g6 22. Rh2 Rh5 23. Ne2 Nf5 24. Bxf5 Rxf5 25. Qg4 Qf8 26. Kb1 Qh6 27. f4
Qh5 28. Qg2 Qh6 29. Rf1 Nb6 30. b3 Rh5 31. Rfh1 Qg7 32. Ng3 R5h7 33. Qd2 Nd7
34. Kb2 Qf8 35. h5 gxh5 36. Nxh5 Qh6 37. Qa5 a6 38. Qb4 Qg6 39. Qe1 Rxh5 0-1

[Event "DVM U20 2014"]
[Site "Naumburg (Saale) GER"]
[Date "2014.12.29"]
[Round "6"]
[White "Zolfagharian, Kevin"]
[Black "Braun, Georg"]
[Result "1-0"]
[Termination "normal"]
[Board "1.2"]
[WhiteElo "2144"]
[BlackElo "2229"]
[WhiteClock "00:11:07"]
[BlackClock "00:03:24"]
[WhiteTeam "SG Solingen"]
[BlackTeam "SK Bebenhausen"]
[PlyCount "87"]
[WhiteFideId "12933570"]
[BlackFideId "24629383"]
[EventCountry "GER"]
[EventRounds "7"]
[EventType "team-swiss"]
[EventDate "2014.12.26"]

1. e4 c6 2. d4 d5 3. e5 Bf5 4. g4 Be4 5. Nf3 Bxf3 6. Qxf3 e6 7. Be3 Qb6 8. Nd2
Nd7 9. O-O-O c5 10. dxc5 Qa5 11. Nb3 Qc7 12. Bb5 Rd8 13. Rhe1 Ne7 14. Bg5 h6
15. Bh4 g5 16. Bg3 a6 17. Ba4 Bg7 18. Qe3 Ng6 19. Rxd5 O-O 20. Rxd7 Rxd7 21.
Bxd7 Qxd7 22. Rd1 Qa4 23. Rd4 Qb5 24. Qe4 Nf4 25. Bxf4 gxf4 26. Rd3 Rc8 27. a4
Qe8 28. Qxf4 Qc6 29. f3 b6 30. Rd6 Qc7 31. c6 Rf8 32. Qe4 b5 33. a5 Qa7 34. Kb1
Qg1+ 35. Ka2 Rc8 36. Rd7 Bf8 37. c7 Qa7 38. Qc6 h5 39. Qb6 Qa8 40. Rd8 hxg4 41.
Rxc8 Qxc8 42. Qb8 gxf3 43. Qxc8 f2 44. Nd2 1-0

[Event "DVM U20 2014"]
[Site "Naumburg (Saale) GER"]
[Date "2014.12.29"]
[Round "6"]
[White "Gibicar, Danijel"]
[Black "Neumair, Jerome"]
[Result "1-0"]
[Termination "normal"]
[Board "1.3"]
[WhiteElo "2142"]
[BlackElo "2122"]
[WhiteClock "00:03:08"]
[BlackClock "00:08:11"]
[WhiteTeam "SK Bebenhausen"]
[BlackTeam "SG Solingen"]
[PlyCount "119"]
[WhiteFideId "24660256"]
[BlackFideId "24672637"]
[EventCountry "GER"]
[EventRounds "7"]
[EventType "team-swiss"]
[EventDate "2014.12.26"]

1. d4 Nf6 2. c4 Nc6 3. Nf3 e6 4. g3 Bb4+ 5. Nbd2 d6 6. Bg2 O-O 7. a3 Bxd2+ 8.
Qxd2 a5 9. O-O Re8 10. Rd1 Qe7 11. b3 e5 12. d5 Nb8 13. Qc2 c5 14. Nh4 g6 15.
Bg5 Kg7 16. Qd2 Nbd7 17. e4 Nf8 18. a4 h5 19. h3 N8h7 20. Bh6+ Kh8 21. Rf1 Ng8
22. Be3 g5 23. Nf5 Bxf5 24. exf5 f6 25. Qe2 Qd7 26. Be4 h4 27. gxh4 gxh4 28.
Qh5 Ne7 29. Kh2 Rg8 30. Rg1 Rxg1 31. Rxg1 Rg8 32. Qxh4 Rxg1 33. Kxg1 Qe8 34.
Kh2 Qf7 35. f4 exf4 36. Bxf4 Nc8 37. Qg3 Qe7 38. Bf3 Qd7 39. Bg4 Qd8 40. Qe1
Nf8 41. Bd2 b6 42. Bh5 Ne7 43. Bc3 Ng8 44. Qe8 Qxe8 45. Bxe8 Kg7 46. Kg3 Nh6
47. Kf4 Nf7 48. Bxf7 Kxf7 49. Kg4 Nd7 50. Kh5 Kg7 51. Bd2 Ne5 52. Bh6+ Kf7 53.
Bf4 Nf3 54. Bxd6 Nd4 55. Bc7 Nxb3 56. d6 Ke8 57. Kg6 Nd2 58. Bxb6 Nxc4 59. Bxc5
Ne5+ 60. Kg7 1-0

[Event "DVM U20 2014"]
[Site "Naumburg (Saale) GER"]
[Date "2014.12.29"]
[Round "6"]
[White "Reksten, Daniel"]
[Black "Kaulich, Philipp Theodor"]
[Result "0-1"]
[Termination "normal"]
[Board "1.4"]
[WhiteElo "1895"]
[BlackElo "2126"]
[WhiteClock "00:04:32"]
[BlackClock "00:03:36"]
[WhiteTeam "SG Solingen"]
[BlackTeam "SK Bebenhausen"]
[PlyCount "70"]
[WhiteFideId "24692590"]
[BlackFideId "4641582"]
[EventCountry "GER"]
[EventRounds "7"]
[EventType "team-swiss"]
[EventDate "2014.12.26"]

1. d4 f5 2. Nf3 Nf6 3. c3 g6 4. g3 Bg7 5. Bg2 O-O 6. O-O e6 7. Bf4 d6 8. Re1
Qe7 9. Nbd2 Ne4 10. Nxe4 fxe4 11. Nd2 g5 12. Be3 d5 13. f3 exf3 14. exf3 c5 15.
dxc5 e5 16. f4 gxf4 17. Bxd5+ Kh8 18. gxf4 exf4 19. Bd4 Qg5+ 20. Bg2 Bxd4+ 21.
cxd4 Rg8 22. Qf3 Nc6 23. Re4 Bf5 24. Rxf4 Bh3 25. Qxh3 Qxf4 26. d5 Qxd2 27.
dxc6 Rxg2+ 28. Qxg2 Rg8 29. Qxg8+ Kxg8 30. cxb7 Qxb2 31. Rd1 Qxb7 32. Rd2 Qc6
33. Rc2 Kf7 34. Rc3 Qe4 35. Kf1 Qb1+ 0-1

[Event "DVM U20 2014"]
[Site "Naumburg (Saale) GER"]
[Date "2014.12.29"]
[Round "6"]
[White "Lebeda, Timo"]
[Black "Porstmann, Jan"]
[Result "1-0"]
[Termination "normal"]
[Board "1.5"]
[WhiteElo "2094"]
[BlackElo "1875"]
[WhiteClock "00:31:40"]
[BlackClock "00:01:27"]
[WhiteTeam "SK Bebenhausen"]
[BlackTeam "SG Solingen"]
[PlyCount "59"]
[WhiteFideId "4638565"]
[BlackFideId "1271566"]
[EventCountry "GER"]
[EventRounds "7"]
[EventType "team-swiss"]
[EventDate "2014.12.26"]

1. c4 e6 2. Nf3 Nf6 3. d4 d5 4. Nc3 Be7 5. Bf4 c6 6. e3 O-O 7. Bd3 b6 8. O-O
Bb7 9. Rc1 Na6 10. Qe2 Nb4 11. Rfd1 Rc8 12. Bb1 dxc4 13. Qxc4 Ba6 14. Qb3 Nbd5
15. Qa4 Nxc3 16. Rxc3 Bb5 17. Qc2 Bb4 18. Bg5 g6 19. e4 Bxc3 20. bxc3 h6 21.
Bh4 Kg7 22. e5 g5 23. Nxg5 Rh8 24. Nxe6+ fxe6 25. Bxf6+ Kf8 26. Bxd8 Rxd8 27.
Qg6 Rd7 28. Qf6+ Kg8 29. Qxe6+ Rf7 30. Bg6 1-0

[Event "DVM U20 2014"]
[Site "Naumburg (Saale) GER"]
[Date "2014.12.29"]
[Round "6"]
[White "Andrä, Philipp"]
[Black "Kean, Christopher"]
[Result "0-1"]
[Termination "normal"]
[Board "1.6"]
[WhiteElo "1869"]
[BlackElo "2003"]
[WhiteClock "00:00:40"]
[BlackClock "00:08:23"]
[WhiteTeam "SG Solingen"]
[BlackTeam "SK Bebenhausen"]
[PlyCount "63"]
[WhiteFideId "1271844"]
[BlackFideId "1272061"]
[EventCountry "GER"]
[EventRounds "7"]
[EventType "team-swiss"]
[EventDate "2014.12.26"]

1. e4 Nc6 2. Nf3 f5 3. e5 d6 4. d4 dxe5 5. d5 e4 6. Nh4 Ne5 7. Bf4 Nf7 8. Qd4
Nf6 9. Be5 g5 10. Bb5+ Bd7 11. Bxd7+ Qxd7 12. Bxf6 exf6 13. Nxf5 Qxf5 14. Nc3
Nd6 15. O-O Kf7 16. Rac1 Bg7 17. Rfe1 Rhe8 18. Re2 Qf4 19. Rd1 f5 20. Qc5 Re7
21. Rde1 a6 22. Re3 Rae8 23. Qb4 Qe5 24. Kh1 h5 25. g3 Qd4 26. Qb3 f4 27. R3e2
e3 28. f3 fxg3 29. hxg3 h4 30. g4 h3 31. Rh2 Rh8 32. Ree2 0-1

[Event "DVM U20 2014"]
[Site "Naumburg (Saale) GER"]
[Date "2014.12.29"]
[Round "6"]
[White "Kramer, Julian"]
[Black "Grigorian, Spartak"]
[Result "1-0"]
[Termination "normal"]
[Board "2.1"]
[WhiteElo "2234"]
[BlackElo "2244"]
[WhiteClock "00:38:07"]
[BlackClock "00:24:06"]
[WhiteTeam "Hamburger SK von 1830"]
[BlackTeam "SK Wildeshausen"]
[PlyCount "87"]
[WhiteFideId "12921742"]
[BlackFideId "24661490"]
[EventCountry "GER"]
[EventRounds "7"]
[EventType "team-swiss"]
[EventDate "2014.12.26"]

1. e4 c5 2. Nf3 d6 3. Bb5+ Nc6 4. O-O e5 5. c3 Bd7 6. d4 Nge7 7. Na3 Ng6 8. Nc4
Qc7 9. Ne3 Be7 10. Nd5 Qd8 11. Nxe7 Qxe7 12. Bg5 f6 13. Be3 O-O 14. dxc5 dxc5
15. Qd5+ Be6 16. Qxc5 Qxc5 17. Bxc5 Rfd8 18. Be3 Na5 19. Nd2 a6 20. Be2 b5 21.
Rfd1 Rdc8 22. g3 Rab8 23. a4 Nc4 24. Nxc4 bxc4 25. Rd6 Rxb2 26. Rxe6 Rxe2 27.
Rxa6 Rc2 28. Ra3 h5 29. h4 Ne7 30. a5 f5 31. Re6 f4 32. gxf4 exf4 33. Bxf4 Kf7
34. Rd6 Ng6 35. Bg3 Re8 36. a6 Rxe4 37. Rxg6 Kxg6 38. a7 Re1+ 39. Kg2 Re8 40.
Bb8 Rf8 41. a8=Q Rcxf2+ 42. Kg3 Kh6 43. Qe4 R2f6 44. Bf4+ 1-0

[Event "DVM U20 2014"]
[Site "Naumburg (Saale) GER"]
[Date "2014.12.29"]
[Round "6"]
[White "Reuker, Jari"]
[Black "Uksini, Bardhyl"]
[Result "1/2-1/2"]
[Termination "normal"]
[Board "2.2"]
[WhiteElo "1903"]
[BlackElo "2204"]
[WhiteClock "00:04:01"]
[BlackClock "00:02:41"]
[WhiteTeam "SK Wildeshausen"]
[BlackTeam "Hamburger SK von 1830"]
[PlyCount "77"]
[WhiteFideId "12909300"]
[BlackFideId "1628313"]
[EventCountry "GER"]
[EventRounds "7"]
[EventType "team-swiss"]
[EventDate "2014.12.26"]

1. e4 c5 2. Nf3 e6 3. d4 cxd4 4. Nxd4 Nc6 5. Nc3 Qc7 6. Be3 a6 7. Be2 Nf6 8.
O-O Bb4 9. Na4 Be7 10. Nxc6 bxc6 11. Nb6 Rb8 12. Nxc8 Qxc8 13. Bd4 c5 14. Be5
Rb6 15. Bf3 d6 16. Bc3 e5 17. Qd3 O-O 18. b3 c4 19. bxc4 Rc6 20. Be2 Nd7 21.
Bg4 Qc7 22. Bxd7 Qxd7 23. Bxe5 Qe6 24. Bd4 Rfc8 25. c3 Rxc4 26. Rfb1 Bf6 27. f3
d5 28. Rb7 dxe4 29. fxe4 Rd8 30. Rab1 Be5 31. R1b6 Bxd4+ 32. cxd4 Rc1+ 33. Kf2
Qxa2+ 34. Kg3 h6 35. Rxa6 Rc3 36. Rxa2 Rxd3+ 37. Kf4 R3xd4 38. Raa7 Rf8 39. Ke3
1/2-1/2

[Event "DVM U20 2014"]
[Site "Naumburg (Saale) GER"]
[Date "2014.12.29"]
[Round "6"]
[White "Hinrichs, Lars"]
[Black "Peters, Tom"]
[Result "1/2-1/2"]
[Termination "normal"]
[Board "2.3"]
[WhiteElo "2193"]
[BlackElo "1922"]
[WhiteClock "00:06:53"]
[BlackClock "00:07:10"]
[WhiteTeam "Hamburger SK von 1830"]
[BlackTeam "SK Wildeshausen"]
[PlyCount "79"]
[WhiteFideId "12921769"]
[BlackFideId "24694444"]
[EventCountry "GER"]
[EventRounds "7"]
[EventType "team-swiss"]
[EventDate "2014.12.26"]

1. Nf3 Nf6 2. g3 c6 3. Bg2 d5 4. d4 Bf5 5. O-O Nbd7 6. Nbd2 e6 7. Nh4 Bg6 8.
Nxg6 hxg6 9. e4 dxe4 10. Nxe4 Nxe4 11. Bxe4 Bd6 12. Qe2 Qe7 13. f4 Nf6 14. Bf3
O-O 15. Be3 Rac8 16. Kh1 c5 17. c4 Rfd8 18. Rfd1 cxd4 19. Bxd4 b6 20. b3 Bc5
21. Bc3 Bb4 22. Bxb4 Qxb4 23. Rd3 Rxd3 24. Qxd3 Qa3 25. Qd2 a5 26. Rb1 a4 27.
Qb2 Qc5 28. Re1 Rd8 29. Qe2 a3 30. Kg2 Qb4 31. Rd1 Rxd1 32. Qxd1 Qc3 33. Kf2
Nd7 34. Qxd7 Qb2+ 35. Be2 Qxa2 36. Qd8+ Kh7 37. Qh4+ Kg8 38. Qd8+ Kh7 39. Qh4+
Kg8 40. Qd8+ 1/2-1/2

[Event "DVM U20 2014"]
[Site "Naumburg (Saale) GER"]
[Date "2014.12.29"]
[Round "6"]
[White "Ngo, Minh Duc"]
[Black "Grötzbach, Julian"]
[Result "0-1"]
[Termination "normal"]
[Board "2.4"]
[WhiteElo "2024"]
[BlackElo "2201"]
[WhiteClock "00:59:19"]
[BlackClock "00:19:27"]
[WhiteTeam "SK Wildeshausen"]
[BlackTeam "Hamburger SK von 1830"]
[PlyCount "100"]
[WhiteFideId "12942693"]
[BlackFideId "24600938"]
[EventCountry "GER"]
[EventRounds "7"]
[EventType "team-swiss"]
[EventDate "2014.12.26"]

1. e4 c5 2. Nf3 d6 3. c3 Nf6 4. h3 Nc6 5. Bd3 d5 6. e5 Nd7 7. Bb5 Qb6 8. Bxc6
bxc6 9. O-O e6 10. Re1 Be7 11. d3 h6 12. c4 O-O 13. Nc3 Qc7 14. Bf4 Rb8 15. b3
Bd8 16. Qd2 Qb7 17. Rac1 Kh7 18. h4 Ba5 19. Qe2 Qc7 20. g3 Bb4 21. Rf1 Qa5 22.
Nd1 Qc7 23. Ne3 a5 24. Ng4 Rh8 25. a4 Ba3 26. Rb1 Bb4 27. Ne3 Bc3 28. Qc2 Bd4
29. Rfe1 Rg8 30. Kg2 f6 31. exf6 e5 32. Nf5 exf4 33. f7 Rf8 34. Re7 g6 35.
N5xd4 cxd4 36. Nxd4 Qd6 37. Rbe1 Qf6 38. Nxc6 Qxc6 39. R1e6 Qxe6 40. Rxe6 Rxf7
41. h5 Nf8 42. hxg6+ Nxg6 43. Rd6 fxg3 44. fxg3 Bg4 45. c5 Re8 46. Qc3 Re2+ 47.
Kg1 Ne5 48. Qc1 Nf3+ 49. Kf1 Nd2+ 50. Kg1 Rff2 0-1

[Event "DVM U20 2014"]
[Site "Naumburg (Saale) GER"]
[Date "2014.12.29"]
[Round "6"]
[White "Riederer, Martin"]
[Black "Schumann, Steffen"]
[Result "1/2-1/2"]
[Termination "normal"]
[Board "2.5"]
[WhiteElo "2061"]
[BlackElo "1828"]
[WhiteClock "00:05:39"]
[BlackClock "00:18:40"]
[WhiteTeam "Hamburger SK von 1830"]
[BlackTeam "SK Wildeshausen"]
[PlyCount "70"]
[WhiteFideId "12903140"]
[BlackFideId "24686891"]
[EventCountry "GER"]
[EventRounds "7"]
[EventType "team-swiss"]
[EventDate "2014.12.26"]

1. d4 Nf6 2. c4 g6 3. Nc3 Bg7 4. e4 d6 5. Nf3 O-O 6. g3 Nbd7 7. Bg2 e5 8. O-O
exd4 9. Nxd4 Re8 10. Re1 a6 11. h3 Rb8 12. Be3 Ne5 13. b3 c5 14. Nde2 b5 15. f4
Ned7 16. Qxd6 b4 17. e5 bxc3 18. exf6 Rxe3 19. fxg7 Rb6 20. Qd1 Rbe6 21. Rc1
Qe7 22. Kf2 Nf6 23. Rxc3 Ne4+ 24. Bxe4 R3xe4 25. Qd2 Rd6 26. Rd3 Rxd3 27. Qxd3
Bxh3 28. Qd2 Qb7 29. Qd5 Qe7 30. Qd2 Qb7 31. Qd8+ Kxg7 32. Qd5 Qe7 33. Qd2 Qb7
34. Qd5 Qe7 35. Qd2 Qb7 1/2-1/2

[Event "DVM U20 2014"]
[Site "Naumburg (Saale) GER"]
[Date "2014.12.29"]
[Round "6"]
[White "Eschholz, Dario"]
[Black "Grötzbach, Daniel"]
[Result "0-1"]
[Termination "normal"]
[Board "2.6"]
[WhiteElo "1639"]
[BlackElo "1930"]
[WhiteClock "00:21:17"]
[BlackClock "00:03:01"]
[WhiteTeam "SK Wildeshausen"]
[BlackTeam "Hamburger SK von 1830"]
[PlyCount "104"]
[WhiteFideId "12928690"]
[BlackFideId "24692166"]
[EventCountry "GER"]
[EventRounds "7"]
[EventType "team-swiss"]
[EventDate "2014.12.26"]

1. e4 c5 2. Nc3 a6 3. g3 b5 4. Bg2 Bb7 5. Nge2 g6 6. O-O Bg7 7. d3 Nc6 8. Be3
Nd4 9. Qd2 e6 10. Nd1 d5 11. c3 Nxe2+ 12. Qxe2 dxe4 13. dxe4 Qc8 14. f4 Ne7 15.
Nf2 O-O 16. Rad1 Qc7 17. Rd2 Nc8 18. Rfd1 Nb6 19. Nd3 Nc4 20. Rc2 Nxe3 21. Qxe3
Rfd8 22. Rcd2 Bf8 23. Kh1 c4 24. Ne5 f6 25. Ng4 Be7 26. Qe2 Rxd2 27. Qxd2 Rd8
28. Qe2 Kg7 29. Nf2 Bc5 30. Rxd8 Qxd8 31. Qd1 Qxd1+ 32. Nxd1 a5 33. Bf3 f5 34.
Kg2 fxe4 35. Be2 e3+ 36. Kf1 Be4 37. a3 Kf6 38. Bg4 h5 39. Be2 e5 40. fxe5+
Kxe5 41. Kg1 Bd3 42. Kf1 Ke4 43. Ke1 Bxe2 44. Kxe2 g5 45. h3 g4 46. hxg4 hxg4
47. Ke1 Kf3 48. Kf1 e2+ 49. Ke1 Be3 50. Nxe3 Kxe3 51. a4 bxa4 52. b3 cxb3 0-1

[Event "DVM U20 2014"]
[Site "Naumburg (Saale) GER"]
[Date "2014.12.29"]
[Round "6"]
[White "Kotainy, Jens"]
[Black "Martin, Julian"]
[Result "1-0"]
[Termination "normal"]
[Board "3.1"]
[WhiteTitle "IM"]
[WhiteElo "2397"]
[BlackElo "2132"]
[WhiteTeam "SG Bochum"]
[BlackTeam "OSG Baden-Baden"]
[PlyCount "95"]
[WhiteFideId "24670499"]
[BlackFideId "12941000"]
[EventCountry "GER"]
[EventRounds "7"]
[EventType "team-swiss"]
[EventDate "2014.12.26"]

1. e4 c5 2. Nc3 Nc6 3. f4 g6 4. Nf3 Bg7 5. Bb5 e6 6. e5 Nge7 7. Ne4 O-O 8. O-O
b6 9. c3 Nf5 10. g4 Nfe7 11. Nd6 f6 12. d4 cxd4 13. cxd4 a5 14. Qe2 Nb4 15. a3
Nbd5 16. Bd2 Nc7 17. Nxc8 Rxc8 18. Bc4 Ncd5 19. Rac1 fxe5 20. fxe5 Nf4 21. Qe4
Ned5 22. Kh1 Qe7 23. Bb3 Rxc1 24. Bxc1 Qd8 25. Bd2 Qa8 26. Ba4 Qa6 27. Rb1 Rf7
28. Ng5 Nd3 29. Kg1 Nf2 30. Qg2 Qd3 31. Rf1 Rf8 32. Rxf2 Qxd4 33. Bxd7 Nc7 34.
Nxe6 Nxe6 35. Bxe6+ Kh8 36. Be3 Qxe3 37. Qg3 Bh6 38. Kg2 Qe4+ 39. Kh3 Rxf2 40.
Qxf2 Qd3+ 41. Kg2 Qe4+ 42. Qf3 Qc2+ 43. Kh3 Bf4 44. Qa8+ Kg7 45. Qg8+ Kh6 46.
Qf8+ Kg5 47. Qf6+ Kh6 48. g5+ 1-0

[Event "DVM U20 2014"]
[Site "Naumburg (Saale) GER"]
[Date "2014.12.29"]
[Round "6"]
[White "Tiemann, Tobias"]
[Black "Thanabalasingam, Ajandhan"]
[Result "1-0"]
[Termination "normal"]
[Board "3.2"]
[WhiteElo "1991"]
[BlackElo "2007"]
[WhiteTeam "OSG Baden-Baden"]
[BlackTeam "SG Bochum"]
[PlyCount "91"]
[WhiteFideId "4642350"]
[BlackFideId "24601659"]
[EventCountry "GER"]
[EventRounds "7"]
[EventType "team-swiss"]
[EventDate "2014.12.26"]

1. d4 Nf6 2. Nf3 g6 3. g3 Bg7 4. Bg2 O-O 5. O-O d6 6. b3 c6 7. Bb2 Nbd7 8. Nbd2
Qc7 9. e4 Re8 10. a4 a5 11. Re1 e5 12. dxe5 dxe5 13. Nc4 Bf8 14. Qd2 b5 15.
axb5 cxb5 16. Rxa5 Rxa5 17. Qxa5 Qxa5 18. Nxa5 Bb4 19. Ra1 Nxe4 20. Nxe5 Nxe5
21. Bxe4 Ng4 22. Bc6 Re2 23. Bd4 Rxc2 24. Bxb5 Bxa5 25. Rxa5 Rc1+ 26. Bf1 Bb7
27. Ra1 Rc2 28. Bg2 Bxg2 29. Kxg2 Kf8 30. h3 Nh6 31. Bf6 Ke8 32. Rd1 Rc8 33. g4
Ng8 34. Bd4 Ne7 35. Re1 Kd7 36. b4 Rc4 37. Bc5 Nd5 38. Rb1 Kc6 39. Bf8 Kb5 40.
Rd1 Nxb4 41. Rd7 Nc6 42. Rb7+ Ka6 43. Rxf7 h5 44. gxh5 gxh5 45. Rf5 h4 46. Rc5
1-0

[Event "DVM U20 2014"]
[Site "Naumburg (Saale) GER"]
[Date "2014.12.29"]
[Round "6"]
[White "Giraud, Valerian"]
[Black "Steimbach, Isabel"]
[Result "0-1"]
[Termination "normal"]
[Board "3.3"]
[WhiteElo "1982"]
[BlackElo "1877"]
[WhiteTeam "SG Bochum"]
[BlackTeam "OSG Baden-Baden"]
[PlyCount "80"]
[WhiteFideId "12920355"]
[BlackFideId "24692174"]
[EventCountry "GER"]
[EventRounds "7"]
[EventType "team-swiss"]
[EventDate "2014.12.26"]

1. d4 d5 2. c4 e6 3. Nc3 Nf6 4. cxd5 exd5 5. Bg5 Be7 6. Qc2 O-O 7. e3 c6 8. Bd3
Nbd7 9. Nf3 Re8 10. h3 Nf8 11. Bf4 a5 12. O-O Ne6 13. Bh2 g6 14. Ne5 Ng7 15. f4
Bf5 16. g4 Bxd3 17. Qxd3 Nd7 18. f5 gxf5 19. gxf5 Bf6 20. Ng4 Bg5 21. f6 Nxf6
22. Rxf6 Bxf6 23. Nh6+ Kf8 24. Rf1 Re6 25. Qxh7 Ke7 26. Rxf6 Rxf6 27. Qxg7 Rg6+
28. Qxg6 fxg6 29. Bf4 Qb6 30. Bg5+ Kf8 31. Ne2 Qxb2 32. Nf4 Qc1+ 33. Kf2 Qd2+
34. Kf3 Ke8 35. Ne6 Kd7 36. Nc5+ Kc7 37. Nf7 Qd1+ 38. Kg3 Qg1+ 39. Kh4 Qf2+ 40.
Kg4 Qxf7 0-1

[Event "DVM U20 2014"]
[Site "Naumburg (Saale) GER"]
[Date "2014.12.29"]
[Round "6"]
[White "Toptschiev, David"]
[Black "Stricker, Florian"]
[Result "1/2-1/2"]
[Termination "normal"]
[Board "3.4"]
[WhiteElo "1838"]
[BlackElo "2148"]
[WhiteTeam "OSG Baden-Baden"]
[BlackTeam "SG Bochum"]
[PlyCount "68"]
[WhiteFideId "12968005"]
[BlackFideId "12976385"]
[EventCountry "GER"]
[EventRounds "7"]
[EventType "team-swiss"]
[EventDate "2014.12.26"]

1. c4 c6 2. g3 d5 3. cxd5 cxd5 4. d4 Nf6 5. Bg2 Nc6 6. Nc3 Bf5 7. Nf3 e6 8. a3
Be7 9. Bf4 O-O 10. O-O h6 11. b4 Rc8 12. Rc1 Re8 13. Ne5 Nxe5 14. Bxe5 Nd7 15.
e4 dxe4 16. Nxe4 Nxe5 17. dxe5 Qb6 18. Rxc8 Rxc8 19. Qd7 Qc7 20. Qxc7 Rxc7 21.
Nd6 Bxd6 22. exd6 Rd7 23. Rd1 e5 24. Rd5 f6 25. f4 Be6 26. Rb5 b6 27. fxe5 fxe5
28. Rxe5 Rxd6 29. Kf2 Kf7 30. Ke3 Kf6 31. Re4 Bf5 32. Rd4 Re6+ 33. Be4 Re7 34.
Kd3 Bxe4+ 1/2-1/2

[Event "DVM U20 2014"]
[Site "Naumburg (Saale) GER"]
[Date "2014.12.29"]
[Round "6"]
[White "Pilat, Fabian"]
[Black "Weis, Olga"]
[Result "1-0"]
[Termination "normal"]
[Board "3.5"]
[WhiteElo "1919"]
[BlackElo "1790"]
[WhiteTeam "SG Bochum"]
[BlackTeam "OSG Baden-Baden"]
[PlyCount "91"]
[WhiteFideId "24683396"]
[BlackFideId "1270234"]
[EventCountry "GER"]
[EventRounds "7"]
[EventType "team-swiss"]
[EventDate "2014.12.26"]

1. d4 Nf6 2. Nf3 c5 3. e3 cxd4 4. exd4 d5 5. Ne5 Nbd7 6. Bb5 e6 7. Bg5 Qa5+ 8.
Nc3 Bb4 9. Bd2 O-O 10. Bd3 Nxe5 11. dxe5 d4 12. Nb5 Nd7 13. c3 dxc3 14. bxc3
Nxe5 15. Bxh7+ Kxh7 16. Qh5+ Kg8 17. Qxe5 Be7 18. Qe2 b6 19. O-O Ba6 20. a4
Rfd8 21. Rfb1 Bf6 22. Be1 Rd5 23. f4 Rad8 24. Ra2 Rd3 25. c4 Bc3 26. Bxc3 Rxc3
27. Nxc3 Qxc3 28. Rc2 Qd4+ 29. Kh1 Qxf4 30. Rf1 Qd4 31. Rcc1 Qh4 32. Rf3 Qg4
33. Qf1 Rd7 34. Rg3 Qd4 35. Rh3 Qg4 36. Rg3 Qd4 37. h3 Bb7 38. Rg4 Qb2 39. Rd1
Rxd1 40. Qxd1 Qf6 41. Qd6 Kh7 42. Qc7 Ba8 43. a5 bxa5 44. Qxa5 Qf2 45. Qh5+ Kg8
46. Qg5 1-0

[Event "DVM U20 2014"]
[Site "Naumburg (Saale) GER"]
[Date "2014.12.29"]
[Round "6"]
[White "Jurga, Jonas Vincent"]
[Black "Rempe, Moritz"]
[Result "0-1"]
[Termination "normal"]
[Board "3.6"]
[WhiteElo "1720"]
[BlackElo "1951"]
[WhiteTeam "OSG Baden-Baden"]
[BlackTeam "SG Bochum"]
[PlyCount "94"]
[WhiteFideId "12968013"]
[BlackFideId "12906867"]
[EventCountry "GER"]
[EventRounds "7"]
[EventType "team-swiss"]
[EventDate "2014.12.26"]

1. e4 e6 2. d4 d5 3. Nc3 Bb4 4. e5 Ne7 5. a3 Bxc3+ 6. bxc3 c5 7. Qg4 Qc7 8. Bd2
cxd4 9. cxd4 Qxc2 10. Bb5+ Bd7 11. Qxg7 Rg8 12. Bxd7+ Nxd7 13. Qh6 Qe4+ 14. Qe3
Qxg2 15. Qf3 Nb6 16. Qxg2 Rxg2 17. Ne2 Rg8 18. Rc1 Nc4 19. Rc3 Nxd2 20. Kxd2
Kd7 21. Rb1 b6 22. Rbc1 Rac8 23. Rxc8 Rxc8 24. Rg1 Rg8 25. Rg3 Rxg3 26. hxg3
Ng6 27. Kc3 h5 28. Kb4 Kc6 29. a4 h4 30. gxh4 Nxh4 31. f4 Nf5 32. Kb3 Ne3 33.
Kb4 a5+ 34. Kb3 Nd1 35. Kc2 Nf2 36. Nc3 Nh3 37. Ne2 b5 38. Kb3 bxa4+ 39. Kxa4
Kb6 40. Kb3 Ka6 41. Ka4 Nf2 42. Nc3 Ne4 43. Nb5 Kb6 44. Nd6 Nxd6 45. exd6 Kc6
46. d7 Kxd7 47. Kxa5 Ke7 0-1

[Event "DVM U20 2014"]
[Site "Naumburg (Saale) GER"]
[Date "2014.12.29"]
[Round "6"]
[White "Keller, Peter"]
[Black "Knopf, Felix"]
[Result "0-1"]
[Termination "normal"]
[Board "4.1"]
[WhiteElo "2057"]
[BlackElo "1926"]
[WhiteTeam "Frankfurter TV 1860"]
[BlackTeam "SV Merseburg"]
[PlyCount "88"]
[WhiteFideId "1272105"]
[BlackFideId "24692204"]
[EventCountry "GER"]
[EventRounds "7"]
[EventType "team-swiss"]
[EventDate "2014.12.26"]

1. e4 c5 2. Nf3 d6 3. d4 cxd4 4. Nxd4 Nf6 5. Nc3 a6 6. Be2 e6 7. O-O Nbd7 8. a4
b6 9. f4 Bb7 10. Bf3 Qc7 11. Qe2 Rc8 12. Be3 h5 13. Rae1 Qb8 14. Bd2 h4 15. Kh1
Qa8 16. e5 Bxf3 17. Nxf3 Nd5 18. exd6 Bxd6 19. f5 e5 20. Qd3 N7f6 21. Nxe5 O-O
22. Nxd5 Nxd5 23. c4 Bxe5 24. Rxe5 Nf6 25. h3 Rfd8 26. Qe2 Rd4 27. b3 Ne4 28.
Be1 Rcd8 29. Bxh4 f6 30. Rd5 R8xd5 31. cxd5 Qxd5 32. Qh5 Qc6 33. Re1 Rd3 34.
Qg4 Nc5 35. Re7 g5 36. Bxg5 Kf8 37. Rh7 fxg5 38. Qh5 Qf6 39. Rh8+ Ke7 40. Qe8+
Kd6 41. Qb8+ Kd5 42. Rd8+ Ke4 43. Qa8+ Ke3 44. Re8+ Kf2 0-1

[Event "DVM U20 2014"]
[Site "Naumburg (Saale) GER"]
[Date "2014.12.29"]
[Round "6"]
[White "Heinrich, Julius Tobias"]
[Black "Diyap, Murat"]
[Result "0-1"]
[Termination "normal"]
[Board "4.2"]
[WhiteElo "1989"]
[BlackElo "1981"]
[WhiteTeam "SV Merseburg"]
[BlackTeam "Frankfurter TV 1860"]
[PlyCount "130"]
[WhiteFideId "12913847"]
[BlackFideId "1272104"]
[EventCountry "GER"]
[EventRounds "7"]
[EventType "team-swiss"]
[EventDate "2014.12.26"]

1. e4 c5 2. c3 Nf6 3. e5 Nd5 4. d4 cxd4 5. cxd4 Nc6 6. Nf3 d6 7. Bc4 Nb6 8. Bb5
dxe5 9. Bxc6+ bxc6 10. Nxe5 Bb7 11. O-O g6 12. Nc3 Bg7 13. Re1 O-O 14. Bf4 Nd5
15. Nxd5 Qxd5 16. Qb3 Qxb3 17. axb3 Rfd8 18. Ra4 Rd5 19. Rc4 Rad8 20. Nf3 e6
21. Be5 a5 22. Bxg7 Kxg7 23. h3 Rb5 24. Re3 Rdd5 25. Rec3 Rb6 26. Ne5 f6 27.
Nf3 Rdb5 28. Nd2 e5 29. dxe5 Rxe5 30. Rd4 Rd5 31. Rxd5 cxd5 32. Nf3 Rb4 33. Kh2
f5 34. Nd2 Kf6 35. g3 d4 36. Rc4 Bd5 37. Rc5 Bxb3 38. Rxa5 Be6 39. Nf3 d3 40.
Ra3 Rxb2 41. Rxd3 Rxf2+ 42. Kg1 Rb2 43. h4 Bc8 44. Nd2 Bb7 45. Kf2 Ke6 46. Ke3
Ra2 47. Rb3 Bd5 48. Rd3 h6 49. Rc3 g5 50. hxg5 hxg5 51. Rd3 Ke5 52. Rc3 Ra8 53.
Nf3+ Bxf3 54. Kxf3 Ra6 55. Rc5+ Kf6 56. Rc3 Kg6 57. Rb3 Kh5 58. Rb4 Ra3+ 59.
Kg2 Re3 60. Kf2 Re4 61. Rb5 Kg4 62. Rb3 Ra4 63. Rb5 Ra2+ 64. Kf1 Ra3 65. Ke2
Rxg3 0-1